000 01044nam a22003137a 4500
001 BR8803134
003 BR-BrBNA
005 20230928092916.0
007 ta
008 230509b bl.||||| |||| 00| 0 por d
040 _aBR-BrBNA
_bpor
_cBiblioteca Nacional de Agricultura
041 _a(Por)
072 _aE11; E71; E50
_b/G514
090 _ E11 BR8803134
110 1 _aSociedade Brasileira de Economia Rural, Brasilia, DF (Brasil)
_99684
111 1 _a21. Congresso Brasileiro de Economia e Sociologia Rural. Agricultura: saida para a crise
_cBrasilia, DF (Brazil)
_d25-28 Jul 1983
245 1 _aAnais do 21. Congresso Brasileiro de Economia e Sociologia Rural. Agricultura: saida para a crise
260 3 _aBrasilia, DF (Brasil):
_c1983.
300 _a255 p.
650 _aPOLITICA ECONOMICA
650 _aCOMERCIO EXTERIOR
650 _aESTRUTURA AGRARIA
650 _aCREDITO RURAL
650 _aINVESTIMENTO
650 _aCUSTO
650 _aESTATISTICA AGRICOLA
909 _a202309
_bLucia
_c55
_dLucia Elande
942 _cBK
999 _c41921
_d41921